Govt. of
Madhya Pradesh

एस एस सी संयुक्‍त स्‍नातक स्‍तर TIER परीक्षा प्रैक्टिस वर्क बुक (Record no. 47377)

MARC details
000 -LEADER
fixed length control field 006010000a22001690004500
003 - CONTROL NUMBER IDENTIFIER
control field MACL
005 - DATE AND TIME OF LATEST TRANSACTION
control field 20160203123101.0
008 - FIXED-LENGTH DATA ELEMENTS--GENERAL INFORMATION
fixed length control field 160203b xxu||||| |||| 00| 0 eng d
040 ## - CATALOGING SOURCE
Original cataloging agency MACL
Transcribing agency MACL
041 ## - LANGUAGE CODE
Language code of text/sound track or separate title Hindi
082 ## - DEWEY DECIMAL CLASSIFICATION NUMBER
Classification number 001
245 ## - TITLE STATEMENT
Title एस एस सी संयुक्‍त स्‍नातक स्‍तर TIER परीक्षा प्रैक्टिस वर्क बुक
260 ## - PUBLICATION, DISTRIBUTION, ETC. (IMPRINT)
Place of publication, distribution, etc. दिल्‍ली
Name of publisher, distributor, etc. किरण प्रकाशन
Date of publication, distribution, etc. 2013
350 ## - PRICE (NR) (BK AM CF MU VM SE) [OBSOLETE]
Price 235
650 ## - SUBJECT ADDED ENTRY--TOPICAL TERM
Topical term or geographic name as entry element एस एस सी परीक्षा
9 (RLIN) 33784
942 ## - ADDED ENTRY ELEMENTS (KOHA)
Koha item type Hindi Books
Call number prefix 001
Source of classification or shelving scheme

No items available.